000 01093cam a2200265u 4500
001 phylliskeyt00keyt
003 CaSfIA
005 20210118210222.0
007 cr||||
008 830118s1957 nyua 000 0 eng
035 _9(DLC) 57006992
856 4 1 _uhttp://www.archive.org/details/phylliskeyt00keyt
_zFree eBook from the Internet Archive
856 4 2 _uhttp://www.openlibrary.org/books/OL24396285M
_zAdditional information and access via Open Library
010 _a 57006992
040 _aDLC
_cCarP
_dDLC
_dCaSfIA
050 0 0 _aPZ4.K44
_bPh
100 1 _aKey, Theodore,
_d1912-
245 1 0 _aPhyllis.
_h[electronic resource]
250 _a[1st ed.].
260 _aNew York,
_bDutton
_c[1957]
300 _a59 p.
_billus.
_c22 cm.
942 _cEB
506 _fНеобхідна авторизація на https://archive.org/ (створення облікового запису безкоштовно)
506 _fНеобхідна авторизація на https://openlibrary.org/ (створення облікового запису безкоштовно)
999 _c536445
_d536445